00417nam a2200145Ia 4500008004100000020001800041082000800059100001100067245001800078260004200096300001400138942001700152952008700169999001500256250803s9999 xx 000 0 und d a9520212301227 aZAA aZaahee 0aEkuveri Jinni aMale MaldivesbNovelty Printersc2012 a137p.20cm iZAAcTN6ZAA 94666aKFPLbKFPLcDHId2025-08-03l0oZAApKL-2024-002085r2025-08-03 11:02:31yTN c4415d4415